000 00339nam a2200145Ia 4500
005 20251222144750.0
008 251222s9999||||xx |||||||||||||| ||spa||
020 _a9788425230226
082 _a790/S79
100 _aStern, Jaime Thompson
245 0 _aPalabra de Cineasta:
250 _a1ra.ed.
264 _bGustavo Gill
942 _cLIB
999 _c19322
_d19322